| 000 | 00838cab a2200265 4500 | ||
|---|---|---|---|
| 001 | ABS49830 | ||
| 008 | 090401t1993 xxu||||| |||| 00| 0 eng d | ||
| 035 | _a(Sirsi) u72905 | ||
| 041 | _aeng | ||
| 245 | _aCrime and the right of prescription | ||
| 260 | _c1993 | ||
| 350 | _a0 | ||
| 490 |
_aSolicitors` Journal _v137(44) 19 November 1993, 1161-1163(3) |
||
| 520 | _aReviews caselaw in a discussion of claims to prescriptive rights over others` land, concentrating on the complications arising from illegal exercise of that right. | ||
| 650 | _aADVERSE POSSESSION | ||
| 650 | _aEASEMENTS | ||
| 650 | _aNEIGHBOUR DISPUTES | ||
| 650 | _aNEIGHBOURING LAND | ||
| 650 | _aPRESCRIPTION ACT 1832 | ||
| 650 | _aPRESCRIPTIVE RIGHTS | ||
| 690 | _aLAW | ||
| 690 | _aPROPERTY LAW AND PRACTICE | ||
| 942 | _n0 | ||
| 948 | _c04/03/1997 | ||
| 999 |
_c46081 _d46081 |
||